000 00330 a2200109 4500
001 ART_25833
005 20260410161602.0
008 260409a
245 1 0 _aContabilidad y libertad cultural
100 1 _aGarcía Casella, Carlos Luis
773 0 _tProfesional & Empresaria
_g- Año VI, Nº 70 (jul. 2005)
_wREV70
999 _c9793
_d9793